| 000 | 01186nam a22003855b 4500 | ||
|---|---|---|---|
| 001 | 02856 | ||
| 003 | DO-SdBNP | ||
| 005 | 20180220150745.0 | ||
| 007 | 02856 | ||
| 008 | 930401s1992 sp | |||| ||spa | ||
| 016 | 7 |
_a _2BPMSU |
|
| 017 |
_a _b |
||
| 020 | _a8434808196 | ||
| 035 | _a | ||
| 040 |
_aBPMSU _bspa _cBPMSU _e |
||
| 041 | 1 |
_aspa _h |
|
| 080 | 0 | _a | |
| 082 |
_a839.736 _2G868h 1992 |
||
| 100 | 1 |
_aGripe, Maria _d1923-2007 |
|
| 240 | 1 | 0 |
_aPappa pellerins dotter _lEspañol |
| 245 | 1 | 3 |
_aLa hija del espantapájaros / _cMaría Gripe ; [traducción, Carmen Vázquez-Vigo ; ilustraciones y cubierta, Marina Seoane _h |
| 250 | _a17ª ed. | ||
| 260 |
_aMadrid : _bEdiciones SM, _c1992 |
||
| 300 |
_a221 p.: _bil. ; _c20 cm |
||
| 490 | 1 |
_aEl barco de vapor ; _v3./2 _aSerie roja, _v |
|
| 586 | _aPremio Hans Chritian Andersen 1974 | ||
| 650 | _aCUENTOS JUVENILES SUECOS | ||
| 650 |
_aFANTASÍA _vCUENTOS JUVENILES |
||
| 700 | 1 | _aVázquez-Vigo, Carmen | |
| 700 | 1 |
_aSeoane, Marina _d1957- |
|
| 830 | 3 |
_aEl barco de vapor ; _v 2 _pSerie roja, |
|
| 942 |
_2ddc _cBK |
||
| 945 | _aInventariado, 2018 / BT | ||
| 956 |
_aVMATEO _b10 _c20161020 _dBPMSU _f0069 |
||
| 999 |
_c11639 _d11639 |
||